| 000 | 01256naa a22003497a 4500 | ||
|---|---|---|---|
| 001 | BR8803003 | ||
| 003 | BR-BrBNA | ||
| 005 | 20240918180019.0 | ||
| 007 | ta | ||
| 008 | 230509b bl.||||| |||| 00| 0 por d | ||
| 040 |
_aBR-BrBNA _bpor _cBiblioteca Nacional de Agricultura |
||
| 041 | _a(Pt) | ||
| 072 | _aQ03 | ||
| 090 | _aQ03 BR8803003 | ||
| 100 | 1 | _aSoares, I.A.A. | |
| 100 | 1 | _aGoulart, M.C.B. | |
| 100 | 1 | _aQueiroz, R.L. | |
| 100 | 1 | _aMello, S.M.M. | |
| 100 | 1 | _aAvila, J.T. de | |
| 100 | 1 | _aAzevedo, S.F. de | |
| 111 | 1 |
_a9. Encontro Nacional de Analistas de Residuos de Pesticidas _cSao Paulo, SP (Brazil) _d27-31 May 1985 |
|
| 245 | 1 | _aResiduos de inseticidas organoclorados e de malation e paration em frutas e hortalicas | |
| 260 | 3 |
_aSao Paulo, SP (Brasil): _c1985. |
|
| 500 | _aRelatorio 9. Encontro Nacional de Analistas de Residuos de Pesticidas Sao Paulo, SP (Brasil): 1985. p. 118-126 (BR8803003-AM)Q03 | ||
| 650 | _aFRUTA | ||
| 650 | _aHORTALICA | ||
| 650 | _aHIGIENE DE ALIMENTO | ||
| 650 | _aINSETICIDA | ||
| 773 | 0 |
_tRelatorio 9. Encontro Nacional de Analistas de Residuos de Pesticidas _wQ03 BR8803003 _gSao Paulo, SP (Brasil), 1985. p. 118-126 |
|
| 909 |
_a202404 _bLucia _c55 _dLucia Elande |
||
| 942 |
_cAM _2AGRIS |
||
| 999 |
_c319194 _d319194 |
||